| 000 | 01330nam a2200301Ia 4500 | ||
|---|---|---|---|
| 008 | 130821s1985 ne gr eng | ||
| 020 | _a902473424X | ||
| 040 |
_aCo-BoUCM _bspa |
||
| 041 | 0 | 0 | _aeng |
| 100 | 1 | _aFoyer, Jacques | |
| 245 | 1 | 0 |
_aProblèmes de conflits de lois en matière de filiation _cJacques Foyer |
| 260 |
_aDordrecht (Holanda) _bMartinus Nijhoff Publishers _c1985 |
||
| 300 | _a403 páginas | ||
| 490 | 0 |
_aRecueil des Cours. _v193 _aCollected Courses of the Hague Academy of International Law |
|
| 504 | _aIncluye bibliografía. | ||
| 650 | 0 | 4 |
_aDerecho internacional privado _97497 |
| 650 | 0 | 4 |
_aDerecho internacional público _97498 |
| 650 | 0 | 4 |
_aDerecho internacional _912776 |
| 650 | 0 | 4 |
_aDerechos humanos _97499 |
| 650 | 0 | 4 |
_aEconomía internacional _xAspectos jurídicos _97543 |
| 700 | 1 | 2 | _aJuenger, Friedrich K. |
| 700 | 1 | 2 | _aKhan, Sadruddin Aga |
| 710 | 2 | _aAcadémie de Droit International Law | |
| 740 | 0 | 2 | _aGeneral course on private international law : (1983) / Friedrich K. Juenger. |
| 740 | 1 | 4 | _aLes bases éthiques pour le droit et la société : perspectives de la Commission indépendante sur les questions humanitaires internationales : conférence prononcée / Sadruddin Aga Khan. |
| 942 |
_a8 _e1 _kR _mR311 _cLIBROREF _2DEWEY _h341.02 |
||
| 999 |
_c45567 _d45567 |
||